Представление документа в формате RUSMARC

ПолеНазваниеЗначение
  Тип записи a
  Библиографический уровень m
001 Контрольный номер RU\NLR\bibl\1868230
005 Дата корректировки 20250828114145.0
010 Индекс ISBN __
a ISBN 978-5-9614-1799-9 (в пер.)
d Цена 580-69
021 № государственной регистрации __
b № документа 2012-5424
b № документа 390
021 № государственной регистрации __
b № документа 2012-55979
b № документа 4089
100 Данные общей обработки __
a Данные общей обработки 19150930d2012||||||| 0rusy0189 ca
101 Язык документа 0_
a Язык текста rus
102 Страна публикации __
a Страна публикации RU|
105 Кодированные данные (монография) __
a Кодированные данные (монография) #|||||||000zy
200 Заглавие и сведения об ответственности 1_
a Заглавие 101 совет оратору
e Сведения, относящиеся к заглавию [12+]
f Первые сведения об ответственности Радислав Гандапас
b Общее обозначение материала Текст
210 Выходные данные 1_
a Место издания Москва
c Издательство Альпина Паблишер
d Дата издания 2012
215 Физическое описание __
a Объем 133, [1] с.
d Формат 17 см
225 Серия 2_
a Серия Oratorica
300 Общие примечания __
a Общие примечания 3000 экз.
330 Аннотация __
a Аннотация Радислав Гандапас, известный своими семинарами и книгами по ораторскому искусству, в этот раз порадовал читателей необычным изданием. Книга представляет собой лаконичные советы по подготовке к выступлению перед публикой. Все они разносторонни и касаются не только моментов общей психологии, но и нюансов по оформлению слайдов, работе с микрофоном и других важных аспектов. Затронуты важные аспекты процесса подготовки к выступлению, которые на первый взгляд кажутся незначительными и не имеющими отношения к оратору, например, подготовка помещения для выступления. Рекомендована начинающим и практикующим ораторам, а также тем, кто по долгу службы выступает перед аудиторией.
333 Примечание о целевом назначении __
a Примечание о целевом назначении 12+. Для детей старше 12 лет
517 Другие варианты заглавия 1_
a Другие варианты заглавия Сто один совет оратору
606 Тематические рубрики __
a Основная рубрика Психология
606 Тематические рубрики __
a Основная рубрика Социальная психология
610 Ключевые слова 0_
a Ключевые слова вербальное общение
a Ключевые слова красноречие
a Ключевые слова ораторское искусство
a Ключевые слова ораторское мастерство
a Ключевые слова публичные выступления
a Ключевые слова риторика
686 Индексы других классификаций __
2 Код системы rubbks
a Классификационный индекс 88.50; ст88.5
700 Автор _1
a Фамилия Гандапас
b Имя Р. И.
g Полное личное имя Радислав Иванович
4 Код отношения 070
f Даты 1967-
801 Источник записи _0
a Страна RU
b Организация Муниципальное бюджетное учреждение культуры "Централизованная библиотечная система" г. Сургут (Центральная городская библиотека им. А. С. Пушкина)
c Дата составления 20150930
g Правила каталогизации КиК/Котельникова
801 Источник записи _1
a Страна RU
b Организация Муниципальное бюджетное учреждение культуры "Централизованная библиотечная система" г. Сургут (Центральная городская библиотека им. А. С. Пушкина)
c Дата составления 20150930
g Правила каталогизации КиК/Котельникова
852 Данные о местонахождении __
j Шифр хранения 88.50
i Авторский знак Г 19
901 Тип документа __
t Тип документа m
903 Характеристики (МАРС) __
a Дата передачи 20150930
990 Данные о заказе (DOS) __
j Количество экземпляров (DOS) 4
t N записи в КСУ для И/У (DOS) 201510